000 01351naa a22003497a 4500
001 BR8201611
003 BR-BrBNA
005 20250721143155.0
007 ta
008 250630b bl.|||m| |||| 00| 0 por d
040 _aBR-BrBNA
_bpor
_cBiblioteca Nacional de Agricultura
041 _a(Pt)
072 _aF00
_b0390
_b3530
_b3575
_bG514
090 _aF00 BR8201611
100 1 _aAragao, R.G.M.
111 1 _a1. Ciclo de Palestras sobre Jojoba
_cNatal, RN (Brazil)
_d20 Jul 1982
245 1 _aA jojoba no Ceara [Simmondsia chinensis; Pratica cultural; Reproducao vegetal; Muda; Semente; Brasil]
246 1 _a["Jojoba" in Ceara [Simmondsia chinensis; Cultural practice; Plant reproduction; Seedling; Seed; Brazil]]
246 1 _a"Jojoba"
500 _aJojoba Natal, RN (Brasil): 1982. p. 30-89 [21 tables; 22 ref.] (BR8201611-AMS)
773 0 _tPrograma de oleo vegetal para fins energetico [jojoba, mandioca brava, Bahia, Brasil]
_w9530 BR7406636
_gSalvador, BA (Brasil), [nd].
_q11 p.
650 _aJOJOBA
650 _aPRATICA CULTURAL
650 _aREPRODUCAO VEGETAL
650 _aGERMINACAO
650 _aMUDA
650 _aSEMENTE
650 _aCEARA
490 _aDocumentos - Empresa de Pesquisa Agropecuaria do Rio Grande do Norte S.A. (Brazil)
_vno. 5
942 _cAMS
_2AGRIS
909 _a202506
_bLúcia
_c55
_dLúcia Elande
999 _c334108
_d334108